000 00273nam a2200109Ia 4500
008 220204s9999 xx 000 0 und d
082 _a658.513(035)
_bOBR
100 _aObrien, James J
245 0 _aScheduling handbook
260 _aNew York
_bMcGraw Hill
_c1969
942 _cBK
999 _c28425
_d28425